00850nam a22002297a 4500999001500000001000600015003000900021005001700030008004100047040003800088082002400126245004400150250001200194260004400206300002400250500002000274650004300294710002700337942001200364952012200376952012200498 c1749d174911131BD-DhUAP20200216113407.0200216s2005 bg ||||| |||| 00| 0 eng d aBD-DhUAPbEngcBD-DhUAPdBD-DhUAP 223a348.5492046 DLR aDLR's 20-year civil digest (1985-2004). a1st ed. aDhaka :bBangladesh law reports,c2005. a692 pages ;c25 cm. aIncludes index. aLaw reports, digests, etczBangladesh. aBangladesh law reports 2ddccBK 00102ddc4070aUAPCLbUAPCLcGeneral Stacksd2020-02-16o348.5492046 DLRp3010011131r2020-02-16t1w2020-02-16yBK 00102ddc4070aUAPCLbUAPCLcGeneral Stacksd2020-02-16o348.5492046 DLRp3010012771r2020-02-16t2w2020-02-16yBK